LEADER 01817nam 2200601Ia 450 001 9910454736603321 005 20200520144314.0 010 $a1-282-85446-1 010 $a9786612854460 010 $a0-7735-6656-2 035 $a(CKB)1000000000713446 035 $a(SSID)ssj0000279759 035 $a(PQKBManifestationID)11223286 035 $a(PQKBTitleCode)TC0000279759 035 $a(PQKBWorkID)10268454 035 $a(PQKB)10038538 035 $a(CaPaEBR)400824 035 $a(MiAaPQ)EBC3245451 035 $a(MiAaPQ)EBC3331105 035 $a(Au-PeEL)EBL3331105 035 $a(CaPaEBR)ebr10141776 035 $a(CaONFJC)MIL285446 035 $a(OCoLC)929121262 035 $a(EXLCZ)991000000000713446 100 $a19981029d1997 uy 0 101 0 $aeng 135 $aurcn||||||||| 181 $ctxt 182 $cc 183 $acr 200 14$aThe future's back$b[electronic resource] $enuclear rivalry, deterrence theory, and crisis stability after the Cold War /$fFrank P. Harvey 210 $aMontreal $cMcGill-Queen's University Press$dc1997 215 $axvi, 192 p. $cill. ;$d24 cm 300 $aBibliographic Level Mode of Issuance: Monograph 311 $a0-7735-1606-9 311 $a0-7735-1605-0 320 $aIncludes bibliographical references (p. [171]-188) and index. 606 $aDeterrence (Strategy) 606 $aNuclear warfare 606 $aWorld politics$y1989- 608 $aElectronic books. 615 0$aDeterrence (Strategy) 615 0$aNuclear warfare. 615 0$aWorld politics 676 $a327.1/747 700 $aHarvey$b Frank P$0573670 801 0$bMiAaPQ 801 1$bMiAaPQ 801 2$bMiAaPQ 906 $aBOOK 912 $a9910454736603321 996 $aThe future's back$92182761 997 $aUNINA